[Event "Alsace-Baden"]
[Site "Selestat"]
[Date "2019.09.22"]
[Round "1.10"]
[White "Bellahcene, Rayane"]
[Black "Dekan, Hans"]
[Result "0-1"]
[WhiteElo "2010"]
[BlackElo "2111"]
[PlyCount "108"]
[EventDate "2019.09.22"]
[EventType "team-match"]
[EventRounds "1"]
[EventCountry "FRA"]
[SourceTitle "CBM 192 Extra"]
[Source "Chessbase"]
[SourceDate "2019.11.06"]
[SourceVersion "1"]
[SourceVersionDate "2019.11.06"]
[SourceQuality "1"]
[WhiteTeam "Alsace"]
[BlackTeam "Baden"]
[WhiteTeamCountry "FRA"]
[BlackTeamCountry "GER"]

1. d4 d5 2. Nf3 Bf5 3. c4 c6 4. g3 e6 5. Bg2 Nf6 6. 0-0 Be7 7. Nc3 Nbd7 8. Nh4 Bg4 9. Qb3 Qb6 10. h3 Bh5 11. g4 Bg6 12. Nxg6 hxg6 13. Bg5 Qc7 14. cxd5 Nxg4 15. f4 Bxg5 16. dxe6 Ndf6 17. hxg4 Bxf4 18. Rxf4 Qxf4 19. Qxb7 Qe3+ 20. Kf1 0-0 21. exf7+ Kh7 22. Bf3 Qf4 23. Qxc6 Nxg4 24. Qe4 Rxf7 25. Qxf4 Rxf4 26. Kg2 Raf8 27. Rh1+ Nh6 28. Ne4 R8f5 29. Rh3 g5 30. e3 g4 31. Rxh6+ Kxh6 32. exf4 Rxf4 33. Kg3 Rxf3+ 34. Kxg4 Rd3 35. Kf4 Rxd4 36. Ke5 Rd1 37. Nc3 Rf1 38. b4 g5 39. a4 g4 40. Ne4 Rf3 41. Nd2 Rd3 42. Ne4 g3 43. Nxg3 Rxg3 44. Kd6 Rg4 45. Kc5 Kg7 46. a5 Kf7 47. b5 Ke7 48. Kc6 Kd8 49. Kb7 Rg7+ 50. Kb8 Rg5 51. Kxa7 Rxb5 52. a6 Kc7 53. Ka8 Rg5 54. Ka7 Rg6 0-1

[Event "FRA-ch op-B"]
[Site "Nancy"]
[Date "2013.08.15"]
[Round "4"]
[White "Bellahcene, Rayane"]
[Black "Venard, Paul Andre"]
[Result "0-1"]
[WhiteElo "1989"]
[BlackElo "1933"]
[PlyCount "54"]
[EventDate "2013.08.11"]
[EventType "swiss"]
[EventRounds "11"]
[EventCountry "FRA"]
[SourceTitle "CBM 156 Extra"]
[Source "ChessBase"]
[SourceDate "2013.10.22"]
[SourceVersion "1"]
[SourceVersionDate "2013.10.22"]
[SourceQuality "1"]

1. d4 e6 2. Nf3 Nf6 3. c4 c5 4. g3 cxd4 5. Nxd4 d5 6. Bg2 e5 7. Nf3 d4 8. 0-0 Nc6 9. e3 Bc5 10. exd4 exd4 11. Re1+ Be6 12. Ng5 0-0 13. Nxe6 fxe6 14. Rxe6 Qb6 15. b4 Bxb4 16. Bxc6 bxc6 17. Qb3 Nd7 18. Re2 Nc5 19. Qd1 d3 20. Rb2 d2 21. Nxd2 Nd3 22. c5 Qxc5 23. Qb3+ Kh8 24. Ne4 Qd4 25. Ng5 Rxf2 26. Rxf2 Qxf2+ 27. Kh1 Qf1# 0-1

[Event "Baden-Elsass m"]
[Site "Endingen"]
[Date "2012.09.16"]
[Round "1.24"]
[White "Spiegelberg, Silvia"]
[Black "Bellahcene, Rayane"]
[Result "1-0"]
[WhiteElo "1900"]
[BlackElo "1956"]
[PlyCount "91"]
[EventDate "2012.09.16"]
[EventType "team-match"]
[EventRounds "1"]
[EventCountry "GER"]
[SourceTitle "EXT 2013"]
[Source "ChessBase"]
[SourceDate "2012.11.22"]
[SourceVersion "1"]
[SourceVersionDate "2012.11.22"]
[SourceQuality "1"]
[WhiteTeam "Baden"]
[BlackTeam "Elsass"]
[WhiteTeamCountry "GER"]
[BlackTeamCountry "FRA"]

1. e4 e5 2. Nf3 Nc6 3. d4 exd4 4. Bc4 Nf6 5. e5 d5 6. Bb5 Ne4 7. Nxd4 Bc5 8. Be3 0-0 9. Bxc6 bxc6 10. Nd2 Bxd4 11. Bxd4 c5 12. Nxe4 cxd4 13. Nc5 Qg5 14. Qxd4 Re8 15. Nd3 Qxg2 16. 0-0-0 Qe4 17. Qc3 Qc4 18. Qxc4 dxc4 19. Nc5 Bg4 20. Rde1 Rad8 21. f4 Rd5 22. Ne4 Bf3 23. Rhg1 Bxe4 24. Rxe4 c3 25. b3 Rd2 26. Rg3 Rxh2 27. Rxc3 Re7 28. Ra4 h5 29. Rxa7 h4 30. Rcxc7 Rxc7 31. Rxc7 Rg2 32. Kb2 Rg3 33. Rd7 h3 34. Rd1 Kf8 35. a4 Ke7 36. a5 g5 37. a6 gxf4 38. Rd8 h2 39. Rh8 Rg8 40. Rxg8 h1Q 41. a7 Ke6 42. a8Q Qxa8 43. Rxa8 Kxe5 44. b4 f3 45. b5 f2 46. Ra1 1-0

[Event "FRA-chT U20"]
[Site "France"]
[Date "2012.05.27"]
[Round "?"]
[White "Bellaiche, Elise"]
[Black "Bellahcene, Rayane"]
[Result "0-1"]
[WhiteElo "1997"]
[BlackElo "1879"]
[PlyCount "48"]
[EventDate "2012.05.26"]
[EventType "team-swiss"]
[EventRounds "9"]
[EventCountry "FRA"]
[SourceTitle "EXT 2014"]
[Source "ChessBase"]
[SourceDate "2013.11.20"]
[SourceVersion "1"]
[SourceVersionDate "2013.11.20"]
[SourceQuality "1"]

1. e4 e5 2. Nf3 Nc6 3. Bc4 Nf6 4. d3 Be7 5. c3 d6 6. h3 h6 7. Bb3 Nh7 8. d4 Bg5 9. 0-0 Bxc1 10. Qxc1 Ng5 11. Qe3 Qf6 12. Nxg5 hxg5 13. dxe5 dxe5 14. Nd2 g4 15. hxg4 Bxg4 16. f4 Qh6 17. Nc4 Qh2+ 18. Kf2 exf4 19. Qd3 Rd8 20. Qc2 Qg3+ 21. Kg1 Qh2+ 22. Kf2 f3 23. Rg1 Qh4+ 24. Ke3 Qg3 0-1

[Event "FRA-chT U20"]
[Site "France"]
[Date "2012.05.27"]
[Round "?"]
[White "Kirk, Ezra"]
[Black "Bellahcene, Rayane"]
[Result "1-0"]
[WhiteElo "2225"]
[BlackElo "1879"]
[PlyCount "100"]
[EventDate "2012.05.26"]
[EventType "team-swiss"]
[EventRounds "9"]
[EventCountry "FRA"]
[SourceTitle "EXT 2014"]
[Source "ChessBase"]
[SourceDate "2013.11.20"]
[SourceVersion "1"]
[SourceVersionDate "2013.11.20"]
[SourceQuality "1"]

1. d4 d6 2. c4 e5 3. Nc3 exd4 4. Qxd4 Nc6 5. Qd2 g6 6. b3 Bg7 7. Bb2 Nf6 8. g3 0-0 9. Nh3 Re8 10. Nf4 Bf5 11. Bg2 Ne4 12. Nxe4 Bxb2 13. Qxb2 Bxe4 14. Bxe4 Rxe4 15. Nd5 Re6 16. 0-0 a5 17. a3 Ne5 18. Nf4 Re8 19. Rfd1 Qf6 20. Qd2 Ng4 21. h3 Nxf2 22. Kxf2 g5 23. e3 gxf4 24. exf4 a4 25. b4 Qe6 26. Qd3 Qe4 27. Rac1 Qxd3 28. Rxd3 Re4 29. c5 dxc5 30. Rxc5 c6 31. Kf3 Re7 32. Kg4 Rae8 33. Ra5 b5 34. Kf3 Re2 35. Rc3 Rb2 36. Ra6 c5 37. bxc5 Rb3 38. Rxb3 axb3 39. Rb6 Ra8 40. Rxb5 Rxa3 41. Kg4 Kg7 42. Kh4 h6 43. Kg4 Kh7 44. Kf5 b2 45. Rxb2 Rc3 46. Kf6 Rxc5 47. Kxf7 h5 48. Kf6 Rc3 49. g4 Rxh3 50. g5 Rc3 1-0

[Event "FRA-chT U20 1112"]
[Site "France"]
[Date "2011.12.17"]
[Round "4"]
[White "Malka, Samuel"]
[Black "Bellahcene, Rayane"]
[Result "1/2-1/2"]
[WhiteElo "2125"]
[BlackElo "1910"]
[PlyCount "53"]
[EventDate "2011.12.03"]
[EventType "team-swiss"]
[EventRounds "7"]
[EventCountry "FRA"]
[SourceTitle "EXT 2013"]
[Source "ChessBase"]
[SourceDate "2012.11.22"]
[SourceVersion "1"]
[SourceVersionDate "2012.11.22"]
[SourceQuality "1"]

1. d4 d6 2. c4 e5 3. Nc3 exd4 4. Qxd4 Nc6 5. Qd2 g6 6. e3 Bg7 7. Nf3 Nf6 8. Be2 0-0 9. 0-0 Re8 10. Rb1 Bf5 11. Bd3 Bxd3 12. Qxd3 Ne5 13. Qe2 Qc8 14. Nd4 a6 15. f3 Nfd7 16. Rd1 Nb6 17. b3 Nc6 18. Nxc6 bxc6 19. Qc2 Qe6 20. e4 Nd7 21. Ne2 f5 22. Ng3 fxe4 23. Nxe4 Nf6 24. Nxf6+ Bxf6 25. Bb2 Bxb2 26. Rxb2 Re7 27. Qf2 1/2-1/2

[Event "FRA-chT2 0910"]
[Site "France"]
[Date "2010.01.24"]
[Round "7.8"]
[White "Bellahcene, Rayane"]
[Black "Achereiner, Guillaume"]
[Result "0-1"]
[WhiteElo "1801"]
[BlackElo "1992"]
[PlyCount "76"]
[EventDate "2009.09.27"]
[EventType "team-tourn"]
[EventRounds "11"]
[EventCountry "FRA"]
[SourceTitle "EXT 2011"]
[Source "ChessBase"]
[SourceDate "2010.11.26"]
[SourceVersion "1"]
[SourceVersionDate "2010.11.26"]
[SourceQuality "1"]

1. d4 e6 2. c4 Nf6 3. Nc3 c5 4. Nf3 cxd4 5. Nxd4 a6 6. g3 Qc7 7. Bg2 d6 8. 0-0 Be7 9. Qa4+ Nbd7 10. e4 0-0 11. h3 Ne5 12. Bf4 Bd7 13. Qd1 Nxc4 14. Bc1 Rac8 15. f4 b5 16. g4 b4 17. Nce2 e5 18. Nf5 Bxf5 19. exf5 Qc5+ 20. Kh1 e4 21. g5 Nd5 22. Qd4 Qxd4 23. Nxd4 Nce3 24. Bxe3 Nxe3 25. Rfe1 Nxg2 26. Kxg2 d5 27. Rac1 Bc5 28. Nb3 Bb6 29. Kf1 a5 30. Ke2 a4 31. Rxc8 Rxc8 32. Rc1 Rxc1 33. Nxc1 Bd4 34. b3 Bb2 35. bxa4 Bxc1 36. a5 Bxf4 37. a6 Bb8 38. Ke3 Ba7+ 0-1

[Event "Wasselonne op"]
[Site "Wasselonne"]
[Date "2009.08.09"]
[Round "6"]
[White "Ritter, Andre"]
[Black "Bellahcene, Rayane"]
[Result "1-0"]
[WhiteElo "1935"]
[BlackElo "1780"]
[PlyCount "85"]
[EventDate "2009.08.06"]
[EventType "swiss"]
[EventRounds "7"]
[EventCountry "FRA"]
[SourceTitle "EXT 2011"]
[Source "ChessBase"]
[SourceDate "2010.11.26"]
[SourceVersion "1"]
[SourceVersionDate "2010.11.26"]
[SourceQuality "1"]

1. c4 Nf6 2. Nc3 e5 3. Nf3 Nc6 4. g3 Bc5 5. d3 d6 6. Bg2 Be6 7. 0-0 Qd7 8. a3 a5 9. Bg5 Ng8 10. Qd2 Nge7 11. Ne4 Bb6 12. b4 f5 13. Nc3 h6 14. Bxe7 Nxe7 15. e3 0-0 16. Qc2 f4 17. exf4 exf4 18. Ne4 Bh3 19. c5 Bxg2 20. Kxg2 Ba7 21. d4 d5 22. Nc3 Qg4 23. h3 Qd7 24. Ne5 Qe6 25. Rae1 Nf5 26. Qd1 Rad8 27. Nd3 Qf6 28. Nxf4 Rfe8 29. Ncxd5 Qc6 30. Kh2 g5 31. Qb3 Kf8 32. b5 Nxd4 33. bxc6 Nxb3 34. Ne6+ Rxe6 35. Rxe6 Rxd5 36. cxb7 Nxc5 37. Rc6 Nxb7 38. Rxc7 Rb5 39. Rh7 Bc5 40. a4 Rb6 41. Rd1 Bd6 42. Kg2 Rc6 43. Rxb7 1-0

[Event "Wasselonne op"]
[Site "Wasselonne"]
[Date "2009.08.08"]
[Round "4"]
[White "Bellahcene, Rayane"]
[Black "Kieffer, Nicolas"]
[Result "0-1"]
[WhiteElo "1780"]
[BlackElo "2020"]
[PlyCount "58"]
[EventDate "2009.08.06"]
[EventType "swiss"]
[EventRounds "7"]
[EventCountry "FRA"]
[SourceTitle "EXT 2011"]
[Source "ChessBase"]
[SourceDate "2010.11.26"]
[SourceVersion "1"]
[SourceVersionDate "2010.11.26"]
[SourceQuality "1"]

1. d4 d5 2. c4 e6 3. cxd5 exd5 4. Nc3 Bf5 5. Qb3 Nc6 6. Qxd5 Nxd4 7. Qe5+ Be7 8. f3 Qd7 9. Nd5 Nc2+ 10. Kf2 0-0-0 11. Rb1 Bc5+ 12. Ne3 Bd4 13. Qf4 Nxe3 14. Bxe3 Bxb1 15. Qg5 Nf6 16. g3 Bf5 17. Bxd4 Qxd4+ 18. e3 Qxb2+ 19. Ne2 Bd3 20. Qa5 Kb8 21. h4 Rd5 22. Qa4 Bb5 23. Qf4 Rd2 24. g4 Bxe2 25. Kg3 Bxf1 26. Rxf1 Rh2 27. Qc4 g5 28. hxg5 Nh5+ 29. gxh5 Qg2+ 0-1

[Event "Wasselonne op"]
[Site "Wasselonne"]
[Date "2009.08.07"]
[Round "3"]
[White "Bellahcene, Rayane"]
[Black "Linder, Oliver"]
[Result "1-0"]
[WhiteElo "1780"]
[BlackElo "2005"]
[PlyCount "45"]
[EventDate "2009.08.06"]
[EventType "swiss"]
[EventRounds "7"]
[EventCountry "FRA"]
[SourceTitle "EXT 2011"]
[Source "ChessBase"]
[SourceDate "2010.11.26"]
[SourceVersion "1"]
[SourceVersionDate "2010.11.26"]
[SourceQuality "1"]

1. d4 e6 2. c4 Bb4+ 3. Nc3 Nf6 4. Qc2 c5 5. dxc5 0-0 6. a3 Bxc5 7. Nf3 a5 8. Bg5 Nc6 9. e3 Be7 10. Bd3 h6 11. Bh4 d5 12. cxd5 Nxd5 13. Bxe7 Qxe7 14. 0-0 Nxc3 15. Qxc3 Re8 16. Ne5 Qf6 17. Nxc6 Qxc3 18. bxc3 bxc6 19. Be4 Ra6 20. Rfd1 c5 21. Rab1 Kf8 22. Bb7 Ra7 23. Bc6 1-0

[Event "FRA-chT2 East 0809"]
[Site "France"]
[Date "2009.04.04"]
[Round "10.6"]
[White "Steil Antoni, Fiona"]
[Black "Bellahcene, Rayane"]
[Result "1-0"]
[WhiteElo "2143"]
[BlackElo "1772"]
[PlyCount "55"]
[EventDate "2008.10.19"]
[EventType "team-tourn"]
[EventRounds "11"]
[EventCountry "FRA"]
[SourceTitle "EXT 2010"]
[Source "ChessBase"]
[SourceDate "2010.11.25"]
[SourceVersion "1"]
[SourceVersionDate "2010.11.25"]
[SourceQuality "1"]
[WhiteTeam "Vandoeuvre II"]
[BlackTeam "Bischwiller II"]
[WhiteTeamCountry "FRA"]
[BlackTeamCountry "FRA"]

1. e4 c5 2. Nc3 Nc6 3. f4 d6 4. Nf3 Nf6 5. Bc4 e6 6. d3 Be7 7. 0-0 0-0 8. a3 a6 9. Ba2 b5 10. Kh1 Qb6 11. e5 Nd7 12. exd6 Bxd6 13. Ne4 Be7 14. Be3 Nd4 15. c3 Nf5 16. Bg1 Qc7 17. Nfg5 Nf6 18. Nxf6+ Bxf6 19. Qh5 Bxg5 20. Qxg5 Bb7 21. Rae1 Qc6 22. Re2 Rad8 23. Bb1 c4 24. d4 Rfe8 25. Be4 Qd7 26. Bxb7 Qxb7 27. Rfe1 a5 28. Qxf5 1-0

[Event "FRA-chT U20 0809"]
[Site "Sautron"]
[Date "2009.01.04"]
[Round "7.4"]
[White "Torres, Emile"]
[Black "Bellahcene, Rayane"]
[Result "1-0"]
[WhiteElo "1700"]
[BlackElo "1725"]
[PlyCount "81"]
[EventDate "2008.10.??"]
[EventType "team-tourn"]
[EventRounds "11"]
[EventCountry "FRA"]
[SourceTitle "EXT 2010"]
[Source "ChessBase"]
[SourceDate "2010.11.25"]
[SourceVersion "1"]
[SourceVersionDate "2010.11.25"]
[SourceQuality "1"]

1. e4 c5 2. Nc3 Nc6 3. f4 e6 4. Bc4 a6 5. a4 Qc7 6. d3 d6 7. Nf3 Nf6 8. Ba2 Be7 9. 0-0 0-0 10. h3 Rb8 11. g4 b5 12. axb5 axb5 13. f5 b4 14. Ne2 Bd7 15. Ng3 d5 16. Qe1 Bd6 17. Ne2 dxe4 18. dxe4 Nxe4 19. Qh4 Bg3 20. Qh5 Nf6 21. Qg5 h6 22. Qe3 exf5 23. gxf5 Rbe8 24. Qd3 Bxf5 25. Qxf5 Rxe2 26. Bxh6 Bh2+ 27. Kh1 gxh6 28. Qg6+ Kh8 29. Qxf6+ Kh7 30. Qf5+ Kg8 31. Rg1+ Bg3 32. Qg4+ Kh8 33. Rxg3 f5 34. Qg6 Qh7 35. Qxc6 Rxc2 36. Rag1 Rxb2 37. Rg8+ Rxg8 38. Rxg8+ Qxg8 39. Bxg8 Kxg8 40. Qg6+ Kf8 41. Qf6+ 1-0